বিশ্বকোষ / (Record no. 57078)
[ view plain ]
| 000 -LEADER | |
|---|---|
| fixed length control field | 00985nam a2200265 a 4500 |
| 001 - CONTROL NUMBER | |
| control field | 57078 |
| 003 - CONTROL NUMBER IDENTIFIER | |
| rucl marc code | BD-RjUL |
| 005 - DATE AND TIME OF LATEST TRANSACTION | |
| control field | 20211209080451.0 |
| 008 - FIXED-LENGTH DATA ELEMENTS--GENERAL INFORMATION | |
| fixed length control field | 161205s1985 bg ||||| |||| 00| 0 ben d |
| 035 ## - SYSTEM CONTROL NUMBER | |
| System control number | (BD-RjUL)57202 |
| 040 ## - CATALOGING SOURCE | |
| Original cataloging agency | BD-RjUL |
| Language of cataloging | ben |
| Transcribing agency | BD-RjUL |
| Modifying agency | BD-RjUL |
| 041 ## - LANGUAGE CODE | |
| Language code of text/sound track or separate title | ben |
| 082 ## - DEWEY DECIMAL CLASSIFICATION NUMBER | |
| Edition number | 23 |
| Classification number | 030 |
| Author mark and year | AHB 1985 |
| 100 1# - MAIN ENTRY--PERSONAL NAME | |
| Personal name | আহমেদ, শফি |
| 9 (RLIN) | 124508 |
| 245 10 - TITLE STATEMENT | |
| Title | বিশ্বকোষ / |
| Statement of responsibility, etc. | শফি আহমেদ |
| 260 ## - PUBLICATION, DISTRIBUTION, ETC. (IMPRINT) | |
| Place of publication, distribution, etc. | ঢাকা : |
| Name of publisher, distributor, etc. | বাংলা একাডেমী, |
| Date of publication, distribution, etc. | ১৯৮৫ |
| 300 ## - PHYSICAL DESCRIPTION | |
| Pagination | [৪], ১১১ পৃ. ; |
| Size | ২৩ সেমি. |
| 490 ## - SERIES STATEMENT | |
| Series statement | ভাষা-শহীদ গ্রন্থমালা |
| Series statement | বা/এ ; |
| Volume/sequential designation | ১৭৫৭ |
| 650 ## - SUBJECT ADDED ENTRY--TOPICAL TERM | |
| Topical term or geographic name as entry element | বিশ্বকোষ এবং অভিধান |
| 9 (RLIN) | 169124 |
| Topical term or geographic name as entry element | Encyclopedias and dictionaries. |
| 9 (RLIN) | 124562 |
| 830 ## - SERIES ADDED ENTRY--UNIFORM TITLE | |
| Uniform title | ভাষা-শহীদ গ্রন্থমালা |
| Uniform title | বা/এ ; |
| Volume number/sequential designation | ১৭৫৭ |
| 942 ## - ADDED ENTRY ELEMENTS (KOHA) | |
| Source of classification or shelving scheme | Dewey Decimal Classification |
| Koha item type | Books |
| Lost status | Source of classification or shelving scheme | Damaged status | Not for loan | Collection code | Permanent Location | Current Location | Shelving location | Date acquired | Source of acquisition | Cost, normal purchase price | Total Checkouts | Full call number | Date last seen | Copy number | Koha item type | Date checked out |
|---|---|---|---|---|---|---|---|---|---|---|---|---|---|---|---|---|
| Dewey Decimal Classification | Not For Loan | Non-fiction | Central Library, University of Rajshahi | Central Library, University of Rajshahi | Reading Room | 29/03/1987 | Bangla Academy, Dhaka. | 45.00 | B 030 AHB 1985 | 05/12/2016 | C-1 | Books | ||||
| Dewey Decimal Classification | Non-fiction | Central Library, University of Rajshahi | Central Library, University of Rajshahi | 29/03/1987 | Dhaka, Bangla Academy | 15.00 | 1 | B 030 AHB 1985 | 17/12/2024 | C-2 | Books | 09/12/2024 |